000 00695nam a2200205Ia 4500
003 GCL
008 140319s9999 xx 000 0 ara d
040 _aGCL /
_cGCL
082 0 4 _a720.973
_bل ل
100 1 _aكان، لويس . ا
245 1 0 _aلويس إكانLOUIS I.KHAN /
_cكان، لويس . ا
250 _aالاولى
260 _aبيروت :
_bدار قابس للطباعة والنشر والتوزيع ،
_c2002
300 _a196 ص ؛
_c20 سم
650 0 4 _aالعمارة - تصميمات
650 0 4 _aلويس ا. كان
650 0 4 _aالمهندسون الامريكيون
650 0 4 _aالمهندسون الامريكيون - تراجم
942 _2ddc
_cBK
999 _c56703
_d56703